| 000 | 005880000a22001810004500 | ||
|---|---|---|---|
| 090 |
_aAR _b01995 |
||
| 245 | 1 | 0 | _aNew fossil species of termite from dominican Amber, Cryptotermes yamini (<Isoptera, Kalotermitidae>) |
| 650 | 1 | 4 |
_aEntomología _94483 |
| 650 | 1 | 4 |
_aPaleontología _96983 |
| 650 | 1 | 4 |
_aHormigas _992499 |
| 651 | 4 |
_pRepública dominicana _992749 |
|
| 653 |
_gCryptotermes _eCryptotermes yamini |
||
| 041 | 0 | _aInglés | |
| 700 | 1 |
_aBacchus, Solomon _995439 |
|
| 100 | 1 |
_aKrishna, Kumar _995440 |
|
| 942 | _cARTICULO | ||
| 773 | 1 |
_tAmerican Museum Novitates _3183 _h2884 _q1-5 _d1987 |
|
| 999 |
_c11072 _d11072 |
||